| 000 | 00855cam a2200277 a 4500 | ||
|---|---|---|---|
| 005 | 20260322212020.0 | ||
| 008 | data | ||
| 010 | _a 94150928 | ||
| 020 | _a187854232X | ||
| 020 | _a9781878542328 | ||
| 040 |
_aDLC _cDLC _dDLC |
||
| 050 | 0 | 0 |
_aBF637.S8 _bC375 1993 |
| 082 | 0 | 0 |
_a158/.1 _220 |
| 092 | _a158.1 C375 1993 | ||
| 100 | 1 | _aCaroselli, Marlene. | |
| 245 | 1 | 0 |
_aRisk-taking : _b50 ways to turn risks into rewards / _cMarlene Caroselli. |
| 260 |
_aMission, Kan. : _bSkillPath Publications, _cc1993. |
||
| 300 |
_a147 p. ; _c23 cm. |
||
| 650 | 0 |
_aSuccess _xPsychological aspects. |
|
| 650 | 0 | _aRisk-taking (Psychology) | |
| 906 |
_a7 _bcbc _corignew _d3 _encip _f19 _gy-gencatlg |
||
| 922 | _aco | ||
| 991 |
_bc-GenColl _hBF637.S8 _iC375 1993 _p0001536368A _tCopy 1 _wBOOKS |
||
| 001 | data | ||
| 999 |
_c458 _d458 |
||